| 000 | 00428nam a22001817a 4500 | ||
|---|---|---|---|
| 003 | MPLRDC | ||
| 005 | 20220104173659.0 | ||
| 008 | 210129b ||||| |||| 00| 0 eng d | ||
| 020 | _a0-7897-2973-3 | ||
| 082 | _a312.91653 GRAL | ||
| 100 | _aPRESTON GRALLA | ||
| 245 |
_aHOW THE INTERNET WORKS _c |
||
| 250 | _a7版 | ||
| 260 |
_a _bQUE USA _c2004 |
||
| 300 | _b平 | ||
| 650 | _a网际网路 | ||
| 942 |
_cBK _o312.91653 GRAL |
||
| 999 |
_c59527 _d59517 |
||